Normal view MARC view
  • Bhandari N S

Entry Personal Name

Number of records used in: 1

001 - CONTROL NUMBER

  • control field: 5632

003 - CONTROL NUMBER IDENTIFIER

  • control field: OSt

005 - DATE AND TIME OF LATEST TRANSACTION

  • control field: 20180129122406.0

008 - FIXED-LENGTH DATA ELEMENTS

  • fixed length control field: 180129|| aca||aabn | a|a d

040 ## - CATALOGING SOURCE

  • Original cataloging agency: OSt
  • Transcribing agency: OSt

100 ## - HEADING--PERSONAL NAME

  • Personal name: Bhandari N S

670 ## - SOURCE DATA FOUND

  • Source citation: Work cat.: (OSt): Bhandari N S, Physics : Cbse & NCERT Syllabus & cbse sample papers - XII, 2007

Powered by Koha